| 000 | 00794nam a2200265 a 4500 | ||
|---|---|---|---|
| 001 | BRCA_7614 | ||
| 005 | 20190320205919.0 | ||
| 008 | 060713s1930----sz-a######---#000-0#ger-# | ||
| 041 | _ager | ||
| 044 | _asz | ||
| 050 | 4 |
_aN3650 _b.S39 1930 |
|
| 100 | 1 |
_aFrei, Karl _918775 |
|
| 245 | 1 | 0 |
_aSchweizer Landesmuseum in Zürich. _bzürcher porzellan _cvon Karl Frei. |
| 260 |
_aBasel _bE. Birkhauser _c1930 |
||
| 300 |
_a8 p. _bil., 25 áminas _c18 cm. |
||
| 440 | 0 |
_aDie historischen museen der Schweiz _vheft 6 _918776 |
|
| 500 | _aT18 | ||
| 610 | 2 | 4 |
_aSchweizerisches Landesmuseum (Zurich) _918777 |
| 650 | 1 | 4 |
_aArte _zZurich _918778 |
| 650 | 1 | 4 |
_aGalerías y museos _zSuiza _910728 |
| 650 | 1 | 4 |
_aPorcelana _zSuiza _918779 |
| 650 | 1 | 4 |
_aArte _vCatálogos _94925 |
| 902 | _aGFM | ||
| 942 |
_2lcc _cB |
||
| 999 |
_c7288 _d7288 |
||